[Event "European Blitz 2017"]
[Site "Katowice POL"]
[Date "2017.12.15"]
[Round "8.21"]
[White "Tari, Aryan"]
[Black "Bartel, Michal"]
[Result "1-0"]
[WhiteTitle "GM"]
[BlackTitle "FM"]
[WhiteElo "2593"]
[BlackElo "2360"]
[WhiteFideId "1510045"]
[BlackFideId "1119257"]
[EventDate "2017.12.15"]
[EventType "blitz"]

1. e4 e5 2. Nf3 Nc6 3. Bb5 a6 4. Ba4 Nf6 5. O-O Be7 6. d3 b5 7. Bb3 d6 8. a4 Bg4
9. c3 O-O 10. Nbd2 Rb8 11. Re1 Nd7 12. Bc2 Nc5 13. h3 Bh5 14. Nf1 Ne6 15. Ng3
Bxf3 16. Qxf3 Bg5 17. b4 Bxc1 18. Rexc1 Qg5 19. axb5 axb5 20. Bb3 Nf4 21. Kh2
Ne7 22. Rc2 Kh8 23. Ra7 Rbc8 24. Rb7 c6 25. Ra2 d5 26. Raa7 Rce8 27. Qg4 Qxg4
28. hxg4 Nc8 29. Ra6 Nxd3 30. Rxc6 Nxf2 31. Bxd5 Nxg4+ 32. Kg1 Ne7 33. Rcc7 Nxd5
34. exd5 Kg8 35. d6 Rd8 36. d7 f5 37. Rxb5 g6 38. Rbb7 Kf7 39. c4 Ke7 40. c5 Ra8
41. Ra7 Rab8 42. c6 Rxb4 43. Rc8 Rd8 44. Rxd8 Kxd8 45. Ra8+ 1-0

[Event "European Blitz 2017"]
[Site "Katowice POL"]
[Date "2017.12.15"]
[Round "8.22"]
[White "Manik, Mikulas"]
[Black "Costachi, Mihnea"]
[Result "1/2-1/2"]
[WhiteTitle "GM"]
[BlackTitle "IM"]
[WhiteElo "2415"]
[BlackElo "2441"]
[WhiteFideId "14900734"]
[BlackFideId "1217518"]
[EventDate "2017.12.15"]
[EventType "blitz"]

1. e4 e5 2. Nf3 Nc6 3. Bb5 a6 4. Ba4 d6 5. c3 g6 6. d4 Bd7 7. O-O Bg7 8. dxe5
dxe5 9. Bg5 f6 10. Be3 Qe7 11. b4 Nh6 12. Bc5 Qf7 13. Bb3 Be6 14. Nbd2 Bf8 15.
Bxe6 Qxe6 16. Nb3 Rd8 17. Qe2 Be7 18. Bxe7 Qxe7 19. Nc5 b6 20. Qxa6 Nf7 21. Qa4
Rd6 22. Nb7 Re6 23. Qa8+ Ncd8 24. Nxd8 Qxd8 25. Qa4+ Qd7 26. Qb3 O-O 27. Rfd1
Nd6 28. c4 Qf7 29. Re1 Ree8 30. c5 bxc5 31. bxc5 Qxb3 32. axb3 Nb5 33. Ra5 Rb8
34. g4 Rfd8 35. g5 Nd4 36. Nxd4 Rxd4 37. gxf6 Kf7 38. Ra7 Rxb3 39. Rxc7+ Kxf6
40. Rxh7 Rc3 41. Rc7 Kg5 42. Kg2 Rd2 43. c6 Rcc2 44. Rf1 Rd4 45. Rd7 Rxe4 46. c7
Rec4 47. Re1 Rxc7 48. Rxe5+ Kf6 49. Rxc7 Rxc7 50. Ra5 1/2-1/2

[Event "European Blitz 2017"]
[Site "Katowice POL"]
[Date "2017.12.15"]
[Round "8.23"]
[White "Meskovs, Nikita"]
[Black "Janaszak, Dawid"]
[Result "1/2-1/2"]
[WhiteTitle "GM"]
[BlackTitle "FM"]
[WhiteElo "2538"]
[BlackElo "2372"]
[WhiteFideId "11602740"]
[BlackFideId "1119206"]
[EventDate "2017.12.15"]
[EventType "blitz"]

1. d4 Nf6 2. c4 g6 3. Nc3 d5 4. Bg5 Bg7 5. Bxf6 Bxf6 6. cxd5 c5 7. Nf3 cxd4 8.
Nxd4 Qb6 9. Nb3 O-O 10. e3 Rd8 11. Be2 e6 12. O-O Bxc3 13. bxc3 Rxd5 14. Qc1 Nc6
15. c4 Rd8 16. c5 Qb4 17. Rd1 Bd7 18. Rb1 Qa4 19. Qb2 e5 20. Nd2 Bf5 21. Rbc1
Qb4 22. Qxb4 Nxb4 23. a3 Nd3 24. Bxd3 Rxd3 25. Nc4 Rad8 26. Re1 Be6 27. Nxe5
Rxa3 28. c6 bxc6 29. Nxc6 Rd2 30. Ra1 Rda2 31. Rxa2 Rxa2 32. Nd4 Bd5 33. f3 a5
34. e4 Be6 35. Rc1 a4 36. Nxe6 fxe6 37. Rc7 a3 38. h4 Rb2 39. Ra7 a2 40. Kh2 Kf8
41. Kh3 Ke8 42. g4 h5 43. Kg3 e5 44. gxh5 gxh5 45. f4 Rb3+ 46. Kf2 exf4 47. Rxa2
Rh3 48. Ra5 Rxh4 49. Kf3 Ke7 50. Rf5 Rh1 51. Kxf4 Rf1+ 52. Kg5 1/2-1/2

[Event "European Blitz 2017"]
[Site "Katowice POL"]
[Date "2017.12.15"]
[Round "8.24"]
[White "Warakomski, Tomasz"]
[Black "Wiewiora, Eneasz"]
[Result "0-1"]
[WhiteTitle "GM"]
[BlackTitle "FM"]
[WhiteElo "2537"]
[BlackElo "2320"]
[WhiteFideId "1124552"]
[BlackFideId "1140396"]
[EventDate "2017.12.15"]
[EventType "blitz"]

1. e4 d6 2. d4 Nf6 3. Nc3 e5 4. Nf3 Nbd7 5. Be2 Be7 6. g4 h6 7. Rg1 c6 8. h4 Qb6
9. a3 exd4 10. Nxd4 Nc5 11. f3 d5 12. exd5 Nxd5 13. Nxd5 Bxh4+ 14. Kf1 cxd5 15.
Be3 Qxb2 16. Nb5 Ne6 17. Rb1 Qe5 18. Bc5 Nxc5 19. Qxd5 Qxd5 20. Nc7+ Kf8 21.
Nxd5 Be6 22. Nf4 Bg5 23. Nxe6+ fxe6 24. Bc4 Ke7 25. Ke2 Rhd8 26. Bd3 b6 27. Rb4
Nxd3 28. cxd3 e5 29. Re4 Bf4 30. Rb1 Rac8 31. Rb2 Rc3 32. Ra4 Rd7 0-1

[Event "European Blitz 2017"]
[Site "Katowice POL"]
[Date "2017.12.15"]
[Round "8.25"]
[White "Kyc, Jerzy"]
[Black "Dziuba, Marcin"]
[Result "0-1"]
[BlackTitle "GM"]
[WhiteElo "2265"]
[BlackElo "2584"]
[WhiteFideId "1163922"]
[BlackFideId "1112953"]
[EventDate "2017.12.15"]
[EventType "blitz"]

1. e4 c5 2. Nf3 d6 3. d4 cxd4 4. Nxd4 Nf6 5. Nc3 a6 6. Bg5 e6 7. f4 Qb6 8. Qd3
Qxb2 9. Rb1 Qa3 10. e5 dxe5 11. fxe5 Nfd7 12. Be2 Nxe5 13. Qe3 Nbc6 14. Nxc6
Nxc6 15. Bf3 Bc5 16. Qd2 Nd4 17. Bxb7 Bxb7 18. Rxb7 O-O 19. Ne4 Rac8 20. Nf6+
gxf6 21. Bxf6 Nxc2+ 22. Ke2 Qe3+ 23. Qxe3 Nxe3 24. Rc1 Nd5 25. Bg5 Bd4 26. Rf1
Bg7 0-1

[Event "European Blitz 2017"]
[Site "Katowice POL"]
[Date "2017.12.15"]
[Round "8.26"]
[White "Andriasian, Zaven"]
[Black "Feuerstack, Aljoscha"]
[Result "1-0"]
[WhiteTitle "GM"]
[BlackTitle "IM"]
[WhiteElo "2585"]
[BlackElo "2438"]
[WhiteFideId "13302000"]
[BlackFideId "4681932"]
[EventDate "2017.12.15"]
[EventType "blitz"]

1. e4 c5 2. Nf3 e6 3. d3 Nc6 4. Nbd2 g6 5. h4 Bg7 6. h5 d6 7. g3 b5 8. Bg2 Bb7
9. Qe2 Qc7 10. a4 a6 11. Nb3 Rc8 12. axb5 axb5 13. c3 b4 14. c4 Nge7 15. h6 Bf6
16. Nh2 Nd4 17. Nxd4 Bxd4 18. Be3 Nc6 19. Nf3 Bf6 20. O-O O-O 21. Rad1 Ra8 22.
d4 cxd4 23. Nxd4 Nxd4 24. Bxd4 Bxd4 25. Rxd4 Ra2 26. Rfd1 Ba6 27. Qc2 e5 28.
Rxd6 Qxc4 29. Qd2 Qc7 30. Qg5 f6 31. Rxf6 Rxb2 32. Rxf8+ Kxf8 33. Qf6+ 1-0

[Event "European Blitz 2017"]
[Site "Katowice POL"]
[Date "2017.12.15"]
[Round "8.27"]
[White "Brunello, Sabino"]
[Black "Jussupow, Artur"]
[Result "1-0"]
[WhiteTitle "GM"]
[BlackTitle "GM"]
[WhiteElo "2553"]
[BlackElo "2582"]
[WhiteFideId "813613"]
[BlackFideId "4618777"]
[EventDate "2017.12.15"]
[EventType "blitz"]

1. b3 e5 2. c4 Nc6 3. Bb2 g6 4. e3 Bg7 5. Nf3 d6 6. d4 Bd7 7. Nc3 Nh6 8. dxe5
dxe5 9. Be2 O-O 10. O-O e4 11. Nd2 f5 12. c5 Ne5 13. Nc4 Nxc4 14. Bxc4+ Kh8 15.
b4 Ng4 16. Be2 Ne5 17. Qb3 Qh4 18. Rad1 Rae8 19. Nd5 Be6 20. Qa3 Bxd5 21. Rxd5
c6 22. Rdd1 a6 23. g3 Qh3 24. Bxe5 Bxe5 25. Rd2 g5 26. Rfd1 f4 27. exf4 gxf4 28.
Bf1 Qh5 29. Rd7 e3 30. fxe3 fxg3 31. hxg3 Rxf1+ 32. Rxf1 Rg8 33. Rd2 Bxg3 34.
Rg2 Bh2+ 35. Kh1 Bg3+ 36. Kg1 Qh3 37. Qb2+ 1-0

[Event "European Blitz 2017"]
[Site "Katowice POL"]
[Date "2017.12.15"]
[Round "8.28"]
[White "Sammalvuo, Tapani"]
[Black "Plat, Vojtech"]
[Result "1/2-1/2"]
[WhiteTitle "IM"]
[BlackTitle "GM"]
[WhiteElo "2416"]
[BlackElo "2567"]
[WhiteFideId "501115"]
[BlackFideId "325740"]
[EventDate "2017.12.15"]
[EventType "blitz"]

1. d4 d6 2. Nf3 Bg4 3. c4 c6 4. Nc3 Nd7 5. g3 e5 6. Bg2 Ngf6 7. h3 Bh5 8. e4
exd4 9. Qxd4 Qb6 10. Qxb6 axb6 11. g4 Bg6 12. Nh4 Be7 13. Nf5 Bxf5 14. exf5 Ne5
15. b3 Nd3+ 16. Kd2 Nxc1 17. Raxc1 Nd7 18. f4 Bf6 19. Rhe1+ Kd8 20. a4 Nc5 21.
Kc2 Bxc3 22. Kxc3 Kd7 23. Bf3 Rhe8 24. g5 Kc7 25. Bh5 g6 26. Bg4 Ne4+ 27. Kc2 d5
28. cxd5 cxd5 29. f6 Kd6 30. Rcd1 Nf2 31. Rb1 Re4 32. Rxe4 Nxe4 33. Re1 Re8 34.
b4 Nxf6 35. Re5 Rxe5 36. fxe5+ Kxe5 37. gxf6 Kxf6 38. Bc8 Ke5 39. Kd3 f5 40.
Bxb7 g5 41. a5 bxa5 42. bxa5 Kd6 43. a6 Kc7 44. Bxd5 Kb6 45. Bb7 h5 46. Ke2 h4
47. Kf3 Ka7 48. Ke3 Kb6 49. Kd4 g4 50. Ke3 gxh3 51. Kf2 f4 52. Kf3 h2 53. Kg2
Ka7 54. Kxh2 f3 55. Kh3 Kb6 56. Kh2 Ka7 57. Kh3 Kb6 58. Kh2 Ka7 59. Kg1 h3 60.
Kf2 h2 61. Bxf3 Kxa6 62. Kg2 Kb6 1/2-1/2

[Event "European Blitz 2017"]
[Site "Katowice POL"]
[Date "2017.12.15"]
[Round "8.29"]
[White "Kovalenko, Igor"]
[Black "Polzin, Rainer"]
[Result "1-0"]
[WhiteTitle "GM"]
[BlackTitle "GM"]
[WhiteElo "2639"]
[BlackElo "2404"]
[WhiteFideId "14117908"]
[BlackFideId "4610741"]
[EventDate "2017.12.15"]
[EventType "blitz"]

1. e4 g6 2. d4 Bg7 3. c3 d6 4. h4 Nf6 5. h5 Nxh5 6. Rxh5 gxh5 7. Qxh5 e6 8. Bg5
Bf6 9. Bh6 Nd7 10. Nd2 Nf8 11. O-O-O Ng6 12. f4 Rg8 13. e5 Be7 14. Ngf3 d5 15.
g4 Qd7 16. Bd3 b6 17. f5 Nf8 18. f6 Bd8 19. Ng5 Ng6 20. Bg7 Nf4 21. Qxh7 Nxd3+
22. Qxd3 1-0

[Event "European Blitz 2017"]
[Site "Katowice POL"]
[Date "2017.12.15"]
[Round "8.31"]
[White "Fressinet, Laurent"]
[Black "Brodowski, Piotr"]
[Result "1-0"]
[WhiteTitle "GM"]
[BlackTitle "IM"]
[WhiteElo "2662"]
[BlackElo "2430"]
[WhiteFideId "608742"]
[BlackFideId "1124480"]
[EventDate "2017.12.15"]
[EventType "blitz"]

1. e4 c5 2. Nf3 g6 3. c3 Nf6 4. e5 Nd5 5. d4 cxd4 6. Qxd4 Nb6 7. Qh4 Nc6 8. Na3
h6 9. Bd3 Bg7 10. Qg3 d6 11. exd6 O-O 12. O-O exd6 13. Bf4 Ne5 14. Rad1 Qf6 15.
Nxe5 dxe5 16. Bc1 Be6 17. Be4 Rab8 18. b3 Nd7 19. Be3 b6 20. Nb5 Nc5 21. Bc2 Qe7
22. c4 Rbd8 23. h3 Kh7 24. Qf3 f5 25. Qc6 Rc8 26. Qd6 Qf7 27. Qd2 Qe7 28. Qe2
Rcd8 29. b4 Na6 30. a3 f4 31. Bc1 f3 32. gxf3 Bxh3 33. Rxd8 Rxd8 34. Rd1 Rf8 35.
Rd6 Bf5 36. Be4 Nc7 37. Qd3 Nxb5 38. cxb5 Bxe4 39. fxe4 Qh4 40. Be3 Qh3 41. Rd7
Rc8 42. Qd6 Qg4+ 43. Kf1 Qxe4 44. Rxg7+ Kxg7 45. Qd7+ Kf6 46. Qxc8 Qd3+ 47. Kg1
Qd1+ 48. Kh2 Qh5+ 49. Qh3 Qe2 50. Qxh6 Qxb5 51. Qg5+ Kf7 52. Bf4 Ke6 53. Qxg6+
Kd5 54. Qf5 Qe2 55. Qxe5+ 1-0

[Event "European Blitz 2017"]
[Site "Katowice POL"]
[Date "2017.12.15"]
[Round "8.33"]
[White "Mohr, Georg"]
[Black "Shkapenko, Pavel"]
[Result "0-1"]
[WhiteTitle "GM"]
[BlackTitle "IM"]
[WhiteElo "2473"]
[BlackElo "2431"]
[WhiteFideId "14600013"]
[BlackFideId "4151933"]
[EventDate "2017.12.15"]
[EventType "blitz"]

1. Nf3 Nf6 2. g3 d5 3. Bg2 c6 4. d3 Bg4 5. Nbd2 e6 6. O-O Nbd7 7. e4 Be7 8. h3
Bh5 9. Qe1 O-O 10. Kh1 a5 11. Ng1 e5 12. f4 exf4 13. gxf4 dxe4 14. dxe4 Re8 15.
Qg3 Bb4 16. e5 Bxd2 17. Bxd2 Nd5 18. Rae1 f5 19. Nf3 Bxf3 20. Bxf3 Nc5 21. Rg1
Ne6 22. a3 Qd7 23. Bc1 a4 24. Rd1 Qf7 25. c4 Nb6 26. Be2 Rad8 27. Qe3 Nd7 28.
Rd6 Ndc5 29. Rgd1 Ne4 30. Rxd8 Rxd8 31. Rxd8+ Nxd8 32. Kh2 Ne6 33. Bd2 Nxd2 34.
Qxd2 Qe7 35. Qd6 Qxd6 36. exd6 Kf8 37. Kg3 Ke8 38. Bd1 Nc5 39. Bc2 g6 40. Kh4
Ne6 41. Kg3 Kd7 42. Bxa4 Kxd6 43. Bc2 Kc5 44. b3 Kd4 45. Bd1 Ke3 46. b4 Nxf4 47.
c5 Nd3 48. Kh4 Nb2 49. Bb3 f4 50. a4 f3 51. Kg3 f2 0-1

[Event "European Blitz 2017"]
[Site "Katowice POL"]
[Date "2017.12.15"]
[Round "8.34"]
[White "Meissner, Felix"]
[Black "Aleksandrov, Aleksej"]
[Result "1-0"]
[WhiteTitle "FM"]
[BlackTitle "GM"]
[WhiteElo "2333"]
[BlackElo "2589"]
[WhiteFideId "24671827"]
[BlackFideId "13500139"]
[EventDate "2017.12.15"]
[EventType "blitz"]

1. e4 e5 2. Nf3 Nc6 3. d4 exd4 4. Nxd4 Bc5 5. Nf5 g6 6. Ne3 Nf6 7. Nc3 Bf8 8. f4
d6 9. Bd3 Bg7 10. O-O O-O 11. Qe1 Nb4 12. a3 Nxd3 13. cxd3 b6 14. Qh4 Ba6 15.
Rd1 c6 16. d4 Re8 17. e5 Nd7 18. Qg3 Qc7 19. b4 dxe5 20. fxe5 f6 21. Ne4 fxe5
22. d5 cxd5 23. Nxd5 Qc2 24. Re1 Bb7 25. Nec3 e4 26. Bf4 Rac8 27. Rac1 Qb3 28.
Nc7 Rf8 29. Nxe4 Qxg3 30. Bxg3 Bb2 31. Rcd1 Bxe4 32. Rxe4 Nf6 33. Re3 Rfd8 34.
Rxd8+ Rxd8 35. Ne6 Rd1+ 36. Re1 Rxe1+ 37. Bxe1 Bxa3 38. b5 Ne4 39. Nd8 Nd6 40.
Kf1 Nxb5 41. Ke2 Bc5 42. Kd3 Nd6 43. Ne6 Bg1 44. h4 h5 45. Nf4 Kf7 46. Nd5 a5
47. Bg3 Nf5 48. Be1 1-0

[Event "European Blitz 2017"]
[Site "Katowice POL"]
[Date "2017.12.15"]
[Round "8.35"]
[White "Holemar, David"]
[Black "Jaracz, Pawel"]
[Result "0-1"]
[WhiteTitle "FM"]
[BlackTitle "GM"]
[WhiteElo "2299"]
[BlackElo "2465"]
[WhiteFideId "307009"]
[BlackFideId "1102222"]
[EventDate "2017.12.15"]
[EventType "blitz"]

1. d4 Nf6 2. c4 e6 3. Nc3 Bb4 4. Qc2 c5 5. dxc5 O-O 6. Nf3 Bxc5 7. Bg5 h6 8. Bh4
Be7 9. e3 d6 10. Be2 b6 11. Nd4 Bb7 12. Bf3 Bxf3 13. Nxf3 Nbd7 14. O-O Rc8 15.
Qa4 Nc5 16. Qc2 Qc7 17. Rfd1 a6 18. Rac1 Ncd7 19. b3 Qb7 20. Qe2 Rfd8 21. Rd2
Nf8 22. Rdd1 Ng6 23. Bg3 Nh5 24. a4 Nxg3 25. hxg3 Bf6 26. Qd3 Rd7 27. Ne4 Be7
28. g4 Rcd8 29. Qb1 d5 30. cxd5 Rxd5 31. Rxd5 Qxd5 32. Ng3 Ba3 33. Rf1 Bb4 34.
Qb2 Bd6 35. Nh5 Bf8 36. Qc3 Qe4 37. Qc7 Rd6 38. g5 Qg4 39. Ng3 hxg5 40. Rc1 Nh4
41. Qb8 Nxf3+ 42. gxf3 Qxf3 43. Nf1 Rd1 44. Rxd1 Qxd1 45. Qxb6 Qd6 46. Qb7 a5
47. Qb5 Qc5 48. Qd3 g4 49. Ng3 f5 50. Nh5 Bd6 51. Qa6 0-1

[Event "European Blitz 2017"]
[Site "Katowice POL"]
[Date "2017.12.15"]
[Round "8.36"]
[White "Sergeev, Vladimir"]
[Black "Piorun, Kacper"]
[Result "0-1"]
[WhiteTitle "GM"]
[BlackTitle "GM"]
[WhiteElo "2406"]
[BlackElo "2651"]
[WhiteFideId "14101076"]
[BlackFideId "1130420"]
[EventDate "2017.12.15"]
[EventType "blitz"]

1. d4 d5 2. Bf4 e6 3. e3 Nf6 4. Nd2 Bd6 5. Bg3 c5 6. c3 O-O 7. Bd3 Nc6 8. Ngf3
b6 9. O-O Bb7 10. Qe2 g6 11. Ne5 Nh5 12. f4 Nxe5 13. dxe5 Bc7 14. e4 Nxg3 15.
hxg3 f6 16. exf6 Qxf6 17. e5 Qg7 18. Nf3 Bc6 19. Rae1 Rad8 20. Ng5 Rde8 21. a3
Bd8 22. Nf3 g5 23. Nh2 gxf4 24. gxf4 Bh4 25. Rd1 Kh8 26. Ng4 Rg8 27. Nf6 Bxf6
28. exf6 Qxf6 29. Qh5 Re7 30. Rf2 d4 31. c4 Rg3 32. Rdd2 Reg7 33. b4 R3g4 34.
bxc5 Rh4 35. Qe5 Qh6 36. Qb8+ Be8 37. Kf1 Rh1+ 38. Ke2 Qh5+ 39. g4 Rxg4 40. Be4
Rxf4+ 41. Bf3 Re4+ 42. Kd3 Re3+ 43. Kc2 Qg6+ 0-1

[Event "European Blitz 2017"]
[Site "Katowice POL"]
[Date "2017.12.15"]
[Round "8.37"]
[White "Tymrakiewicz, Rafal"]
[Black "Heberla, Bartlomiej"]
[Result "0-1"]
[WhiteTitle "FM"]
[BlackTitle "GM"]
[WhiteElo "2272"]
[BlackElo "2555"]
[WhiteFideId "1108832"]
[BlackFideId "1115120"]
[EventDate "2017.12.15"]
[EventType "blitz"]

1. d4 d5 2. Bf4 e6 3. e3 c5 4. c3 Nc6 5. Nf3 Nf6 6. Nbd2 Bd6 7. Bg3 O-O 8. Ne5
Bxe5 9. dxe5 Nd7 10. Bd3 Ndxe5 11. Bxe5 Nxe5 12. Bxh7+ Kxh7 13. Qh5+ Kg8 14.
Qxe5 f6 15. Qh5 Qb6 16. Rb1 Qa6 17. a3 Bd7 18. h4 Qd3 19. Qe2 Qxe2+ 20. Kxe2
Bb5+ 21. Kf3 e5 22. c4 dxc4 23. Rbc1 Bc6+ 24. e4 b5 25. g4 Rad8 26. Nf1 Rd3+ 27.
Ne3 Rd4 28. Kg3 Rxe4 29. Rhd1 Rd4 30. Nf5 Kf7 31. a4 Rxd1 32. Rxd1 b4 33. Nd6+
Ke6 34. Nf5 Bxa4 35. Rd6+ Kf7 36. Ra6 Bd7 37. Rxa7 Rd8 38. Nd6+ Ke6 39. Nxc4 Bb5
40. Ne3 Rd7 41. Ra1 c4 42. Rc1 Rc7 43. h5 c3 44. bxc3 bxc3 45. Nf5 Bd3 46. Nxg7+
Rxg7 47. Rxc3 Be4 48. f3 Bd5 49. Ra3 Rc7 50. Ra6+ Kf7 51. Ra3 Rb7 52. Rd3 Ke6
53. Ra3 Rb3 54. Rxb3 Bxb3 55. f4 e4 56. Kf2 f5 57. h6 Kf6 58. gxf5 Bg8 59. Ke3
Kxf5 60. Kd4 0-1

[Event "European Blitz 2017"]
[Site "Katowice POL"]
[Date "2017.12.15"]
[Round "8.38"]
[White "Zelbel, Patrick"]
[Black "De Filomeno, Simone"]
[Result "1/2-1/2"]
[WhiteTitle "IM"]
[BlackTitle "IM"]
[WhiteElo "2456"]
[BlackElo "2429"]
[WhiteFideId "24624322"]
[BlackFideId "828688"]
[EventDate "2017.12.15"]
[EventType "blitz"]

1. e4 c5 2. c3 g6 3. d4 cxd4 4. cxd4 d5 5. e5 Bg7 6. Nc3 a6 7. h3 Nc6 8. Be3 f6
9. f4 e6 10. Nf3 Nge7 11. g4 O-O 12. Bg2 f5 13. g5 b5 14. h4 Qb6 15. h5 Rd8 16.
Bf1 Bd7 17. Be2 Rac8 18. Kf2 Na5 19. Rc1 Nc4 20. b3 Nxe3 21. Kxe3 Qa5 22. Qd2
Rc7 23. hxg6 hxg6 24. Nb1 Qxd2+ 25. Kxd2 Rdc8 26. Rxc7 Rxc7 27. Rc1 Rxc1 28.
Kxc1 Nc6 29. Kd2 Bf8 30. a3 Kf7 31. Kc2 Ke8 32. Kb2 Kd8 33. Nbd2 Kc7 34. Nf1 Kb6
35. Ne3 Be7 36. Nc2 a5 37. Nh4 Be8 38. Kc3 b4+ 39. axb4 axb4+ 40. Kb2 Ka5 41.
Bd3 1/2-1/2

[Event "European Blitz 2017"]
[Site "Katowice POL"]
[Date "2017.12.15"]
[Round "8.39"]
[White "Tomczak, Jacek"]
[Black "Kowalczyk, Rafal"]
[Result "1/2-1/2"]
[WhiteTitle "GM"]
[WhiteElo "2588"]
[BlackElo "2223"]
[WhiteFideId "1124668"]
[BlackFideId "1133853"]
[EventDate "2017.12.15"]
[EventType "blitz"]

1. e4 e5 2. Nf3 Nc6 3. d4 exd4 4. Bc4 Bc5 5. c3 Nf6 6. e5 d5 7. Be2 Ne4 8. cxd4
Bb6 9. O-O O-O 10. Nc3 f6 11. exf6 Nxf6 12. Bg5 Bg4 13. Be3 Ne7 14. Na4 Nf5 15.
Nxb6 Nxe3 16. fxe3 axb6 17. h3 Bxf3 18. Bxf3 Re8 19. Qd3 Qd6 20. a3 Re7 21. Rae1
Rae8 22. a4 c6 23. Qc3 Ne4 24. Bxe4 Rxe4 25. Rf3 Qh6 26. b4 Qh4 27. Ref1 Qg5 28.
Re1 Qh4 29. Re2 Rxd4 30. exd4 Rxe2 31. b5 Qe1+ 32. Qxe1 Rxe1+ 33. Kf2 Ra1 34.
bxc6 bxc6 35. Rc3 Rxa4 36. Rxc6 Rxd4 37. Rxb6 Kf7 38. Rb7+ Kf6 39. Rb6+ Ke5 40.
Rb7 Rd2+ 41. Kf3 Kf6 42. Rb6+ Ke5 1/2-1/2

[Event "European Blitz 2017"]
[Site "Katowice POL"]
[Date "2017.12.15"]
[Round "8.40"]
[White "Olszewski, Michal"]
[Black "Klepek, Witold"]
[Result "1-0"]
[WhiteTitle "GM"]
[WhiteElo "2540"]
[BlackElo "2215"]
[WhiteFideId "1121251"]
[BlackFideId "1175068"]
[EventDate "2017.12.15"]
[EventType "blitz"]

1. e4 e6 2. d4 d5 3. Nc3 Nf6 4. e5 Nfd7 5. Nce2 c5 6. c3 Nc6 7. Nf3 cxd4 8. cxd4
f6 9. exf6 Nxf6 10. Nc3 Bb4 11. Bd3 O-O 12. O-O Bd7 13. Bg5 a6 14. Rc1 Qc7 15.
Bh4 Nh5 16. Ng5 Nf6 17. Bg3 Bd6 18. Na4 Rae8 19. Nc5 e5 20. dxe5 Bxe5 21. Qb3
Bc8 22. Nf3 Bxg3 23. hxg3 Kh8 24. Qc3 Qd6 25. Rfe1 d4 26. Qa3 Nd5 27. Rxe8 Rxe8
28. Nxa6 Qxa3 29. bxa3 Nc3 30. Nc7 Rd8 31. Nb5 Nxb5 32. Bxb5 Be6 33. Bxc6 bxc6
34. Rxc6 Bxa2 35. Kf1 Bd5 36. Rc5 Bxf3 37. gxf3 Kg8 38. Rc4 Kf7 39. Ke2 Ke6 40.
Kd3 Rf8 41. f4 Ra8 42. a4 Kf5 43. Rxd4 h5 44. Kc3 Kg4 45. Kb4 Kf3 46. Rd2 Rb8+
47. Ka3 Rb1 48. a5 Rb5 49. Ka4 Rb1 50. a6 Ra1+ 51. Kb5 Rb1+ 52. Kc6 Ra1 53. Kb7
Rb1+ 54. Ka8 Ra1 55. a7 Rb1 56. Rd7 g6 57. Rb7 Ra1 58. Kb8 Kxf2 59. Rb3 1-0

[Event "European Blitz 2017"]
[Site "Katowice POL"]
[Date "2017.12.15"]
[Round "8.41"]
[White "Olsen, Filip Boe"]
[Black "Wojtaszek, Radoslaw"]
[Result "0-1"]
[WhiteTitle "FM"]
[BlackTitle "GM"]
[WhiteElo "2294"]
[BlackElo "2736"]
[WhiteFideId "1440640"]
[BlackFideId "1118358"]
[EventDate "2017.12.15"]
[EventType "blitz"]

1. d4 Nf6 2. c4 e6 3. Nc3 Bb4 4. e3 O-O 5. Ne2 Re8 6. a3 Bf8 7. d5 a5 8. Ng3 Na6
9. Be2 Nc5 10. O-O a4 11. e4 Nb3 12. Rb1 Nxc1 13. Rxc1 d6 14. Nxa4 exd5 15. exd5
g6 16. Nc3 h5 17. Re1 Bh6 18. Ra1 Bd7 19. Bd3 Rxe1+ 20. Qxe1 Ng4 21. Bf1 Bg7 22.
Qd2 Qh4 23. h3 Ne5 24. Re1 Bxh3 25. Rxe5 Bxe5 26. gxh3 Re8 27. Nce4 Bf4 28. Qc3
Re5 29. Bg2 Qe7 30. b4 f5 31. Nd2 Re1+ 32. Ndf1 h4 33. Qf3 Qe5 34. Nh5 gxh5 35.
Qxh5 Qf6 36. Qf3 Be5 37. c5 Qg5 38. c6 b5 39. a4 bxa4 40. b5 Qf4 41. Qxf4 Bxf4
42. Bf3 a3 0-1

[Event "European Blitz 2017"]
[Site "Katowice POL"]
[Date "2017.12.15"]
[Round "8.42"]
[White "Saric, Ivan"]
[Black "Jarmula, Lukasz"]
[Result "1-0"]
[WhiteTitle "GM"]
[BlackTitle "IM"]
[WhiteElo "2669"]
[BlackElo "2463"]
[WhiteFideId "14508150"]
[BlackFideId "1160664"]
[EventDate "2017.12.15"]
[EventType "blitz"]

1. e4 e6 2. d4 d5 3. Nc3 Bb4 4. e5 c5 5. a3 Bxc3+ 6. bxc3 Ne7 7. Qg4 Kf8 8. Qd1
Qa5 9. Bd2 Qa4 10. Qb1 c4 11. h4 Nbc6 12. h5 h6 13. Rh4 Bd7 14. Qxb7 Rb8 15.
Qxd7 1-0

[Event "European Blitz 2017"]
[Site "Katowice POL"]
[Date "2017.12.15"]
[Round "8.43"]
[White "Kastelic, Marian"]
[Black "Ragger, Markus"]
[Result "0-1"]
[WhiteTitle "FM"]
[BlackTitle "GM"]
[WhiteElo "2255"]
[BlackElo "2657"]
[WhiteFideId "14602245"]
[BlackFideId "1610856"]
[EventDate "2017.12.15"]
[EventType "blitz"]

1. d4 d5 2. Nf3 Nf6 3. b3 c5 4. e3 cxd4 5. exd4 Nc6 6. Bb2 Bg4 7. Nbd2 e6 8. a3
Bd6 9. Be2 O-O 10. O-O Rc8 11. h3 Bh5 12. Bd3 Bf4 13. Be2 Qb6 14. Re1 Rfd8 15.
Rb1 Ne4 16. Nxe4 dxe4 17. Nd2 Bxe2 18. Qxe2 Bxd2 19. Qxd2 Nxd4 20. Bxd4 Rxd4 21.
Qe2 g6 22. Rbd1 Rcd8 23. Rxd4 Rxd4 24. Qe3 Qd6 25. a4 a6 26. c3 Rd1 27. Qxe4 Qd5
28. Qe2 Rxe1+ 29. Qxe1 Qxb3 30. Qe5 Qd5 31. Qf6 Qd1+ 32. Kh2 Qxa4 33. h4 h5 34.
f3 Qd1 35. Kh3 a5 36. g4 hxg4+ 37. fxg4 a4 38. h5 gxh5 39. Qg5+ Kf8 40. gxh5
Qd3+ 41. Kg2 a3 42. Qc5+ Kg8 43. Qxa3 Qd5+ 44. Kg3 Qg5+ 45. Kf2 Qf5+ 46. Kg3 b5
47. Qa8+ Kg7 48. Qc6 Qxh5 49. Qc7 Qg5+ 50. Kf3 Qd5+ 51. Kg3 Kg6 52. Qc8 Qd3+ 53.
Kg4 Qc4+ 0-1